000 00410nam a2200169Ia 4500
008 221030s9999 xx 000 0 und d
020 _a8181473663
041 _aEnglish
082 _a105.23
_bAle
100 _aR. Allen
245 0 _aOptimizing Compilers For Modern Architectures
260 _bElsevier Pub
_aNew Delhi
_c2001
300 _a790
650 _aComputers
700 _aK. Kennedy
942 _cBK
999 _c8710
_d8710